| 000 | 00427nam a22001457a 4500 | ||
|---|---|---|---|
| 020 | _a0-486-67620-x | ||
| 040 | _cNUST | ||
| 082 | _2515.353 | ||
| 100 |
_aStanley J. Farlow _989135 |
||
| 245 |
_aPartial Differential Equations for Scientists and Engineers / _cFarlow, Stanley J |
||
| 260 |
_aNew Yark: _bDover Publication, INC, _c1982. |
||
| 300 |
_a414 p. : _bill. ; |
||
| 650 | _2Science and Engineering. | ||
| 942 |
_2ddc _cREF |
||
| 999 |
_c587955 _d587955 |
||